Meranie hrúbky stien nádrží cisternových vozňov

Gespeichert in:
Bibliographische Detailangaben
1. Verfasser: Soľava, Tomáš (Verfasst von)
Weitere Verfasser: Juhás, Martin (Betreuung Doktorarbeit)
Format: Manuskript Buch
Sprache:Slowakisch
Veröffentlicht: 2015
Schlagworte:
Online-Zugang:http://is.stuba.sk/zp/portal_zp.pl?podrobnosti=113366
Tags: Tag hinzufügen
Keine Tags, Fügen Sie das erste Tag hinzu!

MARC

LEADER 00000ntm a22000003a 4500
001 stuzp52729
003 SK-STU
005 20160719154248.4
007 ta
008 150427s2015----xo-----f-mn---000-0-slo-d
040 |a STU  |b slo 
041 0 |a slo 
100 1 |a Soľava, Tomáš  |u 020020  |4 aut  |U SjF Strojnícka fakulta  |T SjF Ústav automatizácie, merania a aplikovanej informatiky  |X 44696  |U J0020  |Y 802  |7 44696 
242 0 1 |a Gauging the wall thickness of wagon tanks using ultrasound  |y eng 
245 1 0 |a Meranie hrúbky stien nádrží cisternových vozňov 
260 |c 2015 
650 4 |a cisterna  |2 slo 
650 4 |a sonda  |2 slo 
650 4 |a meranie hrúbky  |2 slo 
650 4 |a ultrazvukový hrúbkomer  |2 slo 
650 4 |a thickness gauging  |2 eng 
650 4 |a ultrasonic thickness gauge  |2 eng 
650 4 |a tank wagon  |2 eng 
650 4 |a probe  |2 eng 
700 1 |a Juhás, Martin  |4 ths  |X 2316  |7 A000002316 
856 4 |u http://is.stuba.sk/zp/portal_zp.pl?podrobnosti=113366 
996 |b 284J043756  |c J* 2046/BP  |l JJSK  |s A  |a 24  |w stuzp52729_0001 
SQL |a stuzp52729  |b DBP  |c SLO  |d Meranie hrúbky stien nádrží cisternových vozňov  |e 44696  |f Soľava, Tomáš  |g 020020  |h 2316  |i Juhás, Martin  |j 20150615  |k 646  |l 02  |m http://is.stuba.sk/zp/portal_zp.pl?podrobnosti=113366  |n B-AISP  |o 5.2.14. automatizácia